[Event "29. Erfurter Schachfestival 2019 - Meis"]
[Site "Erfurt"]
[Date "2019.12.27"]
[Round "2.34"]
[White "Grohmann, Alexander"]
[Black "Jedinger, Andreas (R2)"]
[Result "1/2-1/2"]
[WhiteElo "1980"]
[BlackElo "2117"]
[PlyCount "45"]
[EventDate "2019.12.26"]

1. e4 e5 2. Nf3 Nc6 3. Bc4 Nf6 4. d3 Bc5 5. c3 a6 6. Bb3 Ba7 7. h3 h6 8. Nbd2
d6 9. Nf1 Qe7 10. Be3 Bxe3 11. Nxe3 Be6 12. Qe2 Qd7 13. Bxe6 fxe6 14. Nh2 Qf7
15. O-O Nh5 16. g3 O-O 17. Kg2 Rad8 18. Qf3 Rd7 19. Qxf7+ Rdxf7 20. Nhg4 Nf6
21. Nxf6+ Rxf6 22. Rad1 R6f7 23. Rd2 1/2-1/2

[Event "29. Erfurter Schachfestival 2019 - Meis"]
[Site "Erfurt"]
[Date "2019.12.27"]
[Round "2.35"]
[White "Dehn, Marcus (R2)"]
[Black "Hansson, Hakan (R2)"]
[Result "1/2-1/2"]
[WhiteElo "2110"]
[BlackElo "1961"]
[PlyCount "49"]
[EventDate "2019.12.26"]

1. d4 d5 2. e3 Nf6 3. Bd3 e6 4. f4 c5 5. c3 Nc6 6. Nf3 Ne4 7. Bxe4 dxe4 8. Ne5
Nxe5 9. fxe5 Qh4+ 10. g3 Qh3 11. Qe2 Bd7 12. Nd2 Bc6 13. Rf1 Be7 14. b3 O-O 15.
dxc5 Bxc5 16. b4 Be7 17. b5 Bd7 18. Nxe4 a6 19. b6 Rac8 20. c4 Rxc4 21. Rf4
Rcc8 22. a4 Rfd8 23. Bd2 Bc6 24. Nc3 Bg5 25. Rf2 1/2-1/2

[Event "29. Erfurter Schachfestival 2019 - Meis"]
[Site "Erfurt"]
[Date "2019.12.27"]
[Round "2.36"]
[White "Rahimi, Rahim"]
[Black "Rensch, Toralf"]
[Result "1/2-1/2"]
[WhiteElo "1945"]
[BlackElo "2103"]
[PlyCount "97"]
[EventDate "2019.12.26"]

1. e4 Nc6 2. d3 e5 3. g3 d5 4. Nd2 Nf6 5. Bg2 Bg4 6. Bf3 Be6 7. Ne2 h5 8. a3
Qd7 9. b4 a6 10. Bb2 h4 11. c4 dxe4 12. dxe4 Rd8 13. b5 axb5 14. cxb5 Nd4 15.
Bxd4 exd4 16. a4 Bb4 17. Nf4 Bg4 18. Bxg4 Nxg4 19. Nd5 hxg3 20. fxg3 Ne3 21.
Qb3 Nxd5 22. exd5 Bc3 23. O-O-O Qxd5 24. Qxd5 Rxd5 25. Ne4 Ba5 26. Kc2 c6 27.
bxc6 bxc6 28. Kd3 Kd7 29. Kc4 Rb8 30. Rb1 Rxb1 31. Rxb1 Kc7 32. Rf1 f5 33. Nc5
Kd6 34. Nb7+ Ke5 35. Nc5 Bc3 36. Rf2 Kd6 37. Nd3 Ra5 38. Ra2 Ra7 39. Nc5 Ba5
40. Rb2 Bd8 41. Rb7 Ra8 42. Rxg7 Bb6 43. Rg6+ Ke7 44. Rxc6 Bxc5 45. Rxc5 Rxa4+
46. Kd3 Ke6 47. Rc4 Ra2 48. Rxd4 Rxh2 49. Ke3 1/2-1/2

[Event "29. Erfurter Schachfestival 2019 - Meis"]
[Site "Erfurt"]
[Date "2019.12.27"]
[Round "2.37"]
[White "Reinecke, Katharina"]
[Black "Müller, Frank"]
[Result "0-1"]
[WhiteElo "1936"]
[BlackElo "2094"]
[PlyCount "66"]
[EventDate "2019.12.26"]

1. d4 Nf6 2. Nf3 g6 3. g3 Bg7 4. Bg2 O-O 5. O-O d5 6. c4 dxc4 7. Ne5 c6 8. Nxc4
Be6 9. b3 Bd5 10. f3 c5 11. Bb2 cxd4 12. Qxd4 Nc6 13. Qc3 b5 14. e4 Be6 15. Ne3
Qb6 16. Rf2 Rfd8 17. Qe1 Rd3 18. Nd1 Rad8 19. Nbc3 a5 20. Kh1 b4 21. Na4 Qa7
22. Rc2 Nd4 23. Bxd4 Qxd4 24. Nf2 Re3 25. Qf1 Nxe4 26. Rac1 Nc3 27. Nxc3 Rxc3
28. Rxc3 bxc3 29. Rd1 Qb6 30. Ne4 Rxd1 31. Qxd1 Qd4 32. Qc2 Qe3 33. h3 Bd4 0-1

[Event "29. Erfurter Schachfestival 2019 - Meis"]
[Site "Erfurt"]
[Date "2019.12.27"]
[Round "2.38"]
[White "Fahland, Maximilian"]
[Black "Schmitt, Günter"]
[Result "1/2-1/2"]
[WhiteElo "1929"]
[BlackElo "2091"]
[PlyCount "28"]
[EventDate "2019.12.26"]

1. d4 Nf6 2. Nf3 g6 3. g3 Bg7 4. Bg2 O-O 5. O-O d6 6. c4 Nc6 7. Nc3 a6 8. h3
Bd7 9. e4 Rb8 10. e5 Ne8 11. Re1 Na5 12. b3 b5 13. cxb5 axb5 14. Bb2 c5 1/2-1/2

[Event "29. Erfurter Schachfestival 2019 - Meis"]
[Site "Erfurt"]
[Date "2019.12.27"]
[Round "2.39"]
[White "Greiner, Timo (R2)"]
[Black "Sieber, Heiko"]
[Result "1/2-1/2"]
[WhiteElo "2086"]
[BlackElo "1949"]
[PlyCount "73"]
[EventDate "2019.12.26"]

1. e4 e5 2. Nf3 Nf6 3. Nc3 Nc6 4. Bb5 Bc5 5. O-O O-O 6. d3 d6 7. Bg5 h6 8. Bh4
Bg4 9. Bxc6 bxc6 10. Na4 Bb6 11. h3 Bxf3 12. Qxf3 g5 13. Bg3 Nd7 14. Nxb6 axb6
15. Qf5 Nc5 16. f3 Ne6 17. Bf2 Ng7 18. Qg4 h5 19. Qg3 f5 20. h4 fxe4 21. fxe4
gxh4 22. Qxh4 Qxh4 23. Bxh4 Rxf1+ 24. Kxf1 Ne6 25. Bf2 Kf7 26. Be3 Kg6 27. g3
c5 28. Kg2 Nd4 29. Bxd4 exd4 30. a4 c6 31. Ra3 Ra5 32. Rb3 b5 33. axb5 cxb5 34.
Ra3 Rxa3 35. bxa3 Kf6 36. Kh2 Kg6 37. Kg2 1/2-1/2

[Event "29. Erfurter Schachfestival 2019 - Meis"]
[Site "Erfurt"]
[Date "2019.12.27"]
[Round "2.40"]
[White "Scheitz, Michael"]
[Black "Reucker, Friedrich"]
[Result "1/2-1/2"]
[WhiteElo "2084"]
[BlackElo "1945"]
[PlyCount "58"]
[EventDate "2019.12.26"]

1. c4 Nf6 2. Nc3 e6 3. e4 d5 4. e5 d4 5. exf6 dxc3 6. bxc3 Qxf6 7. d4 b6 8. Be2
Bb7 9. Bf3 Bxf3 10. Nxf3 Bd6 11. Qa4+ c6 12. Bg5 Qf5 13. O-O O-O 14. Rfe1 Rc8
15. Rad1 b5 16. Qb3 Nd7 17. c5 Bf4 18. Bxf4 Qxf4 19. a4 bxa4 20. Qa3 Rab8 21.
Rb1 Rxb1 22. Rxb1 Rb8 23. Re1 h6 24. Qxa4 Nxc5 25. Qc4 Ne4 26. Qxc6 Nd2 27.
Nxd2 Qxd2 28. Rf1 Qd3 29. h3 a6 1/2-1/2

[Event "29. Erfurter Schachfestival 2019 - Meis"]
[Site "Erfurt"]
[Date "2019.12.27"]
[Round "2.41"]
[White "Cipra, Lothar"]
[Black "Kirschbaum, Gunnar"]
[Result "1/2-1/2"]
[WhiteElo "1921"]
[BlackElo "2083"]
[PlyCount "101"]
[EventDate "2019.12.26"]

1. d4 Nf6 2. c4 g6 3. Nc3 Bg7 4. e4 d6 5. f3 O-O 6. Be3 a6 7. Bd3 c6 8. Nge2 b5
9. a3 bxc4 10. Bxc4 d5 11. Bd3 dxe4 12. fxe4 e5 13. h3 Nbd7 14. Qd2 exd4 15.
Nxd4 Ne5 16. Be2 Bb7 17. Nf3 Nfd7 18. O-O-O Qa5 19. Nb1 Qa4 20. Nc3 Qb3 21. Nd4
Nc5 22. Nxb3 Nxb3+ 23. Kc2 Nxd2 24. Rxd2 Bc8 25. Na4 Be6 26. b3 f5 27. Nc5 Bc8
28. exf5 Bxf5+ 29. Kc1 a5 30. g4 Bc8 31. Rhd1 Ra7 32. Nd3 Rd7 33. Nxe5 Rxd2 34.
Bc4+ Kh8 35. Nxg6+ hxg6 36. Rxd2 Re8 37. Bd4 c5 38. Bxg7+ Kxg7 39. Re2 Rxe2 40.
Bxe2 g5 41. Kc2 Kf6 42. Kc3 Ke5 43. Bd3 Bb7 44. Bf1 Bd5 45. b4 cxb4+ 46. axb4
axb4+ 47. Kxb4 Kd4 48. Kb5 Bf3 49. Kb4 Ke3 50. Kc3 Kf2 51. Kd4 1/2-1/2

[Event "29. Erfurter Schachfestival 2019 - Meis"]
[Site "Erfurt"]
[Date "2019.12.27"]
[Round "2.42"]
[White "Schuffenhauer, Robert"]
[Black "Popist, Florian"]
[Result "0-1"]
[WhiteElo "1905"]
[BlackElo "2076"]
[PlyCount "106"]
[EventDate "2019.12.26"]

1. d4 d5 2. c4 e6 3. Nf3 Nf6 4. Bg5 Be7 5. e3 h6 6. Bh4 O-O 7. Bd3 b6 8. O-O
Bb7 9. Nbd2 Nbd7 10. Rc1 c5 11. dxc5 Nxc5 12. Bb1 Nfe4 13. Bxe7 Qxe7 14. b4
Nxd2 15. Nxd2 Ne4 16. cxd5 exd5 17. Nxe4 dxe4 18. Qb3 Rac8 19. a3 Rxc1 20. Rxc1
Rd8 21. h3 Rd2 22. Rd1 Bd5 23. Qxd5 Rxd5 24. Rxd5 g6 25. g4 Qe6 26. Ba2 Qc6 27.
Kg2 Kg7 28. Rd4 Qc2 29. Bd5 f5 30. Bc4 Qa4 31. Rd8 a5 32. Rg8+ Kf6 33. gxf5
gxf5 34. Rf8+ Kg6 35. Rg8+ Kh7 36. Ra8 Qxa3 37. bxa5 bxa5 38. Ra7+ Kg6 39. Ra6+
Kg7 40. Ra7+ Kf6 41. Ra6+ Ke7 42. Re6+ Kd8 43. Rxh6 Qc3 44. Rd6+ Kc7 45. Rd4
Qb2 46. h4 Qb6 47. h5 Qf6 48. Rd5 a4 49. Ra5 Qg5+ 50. Kf1 Qxh5 51. Ke1 Qh1+ 52.
Kd2 Qa1 53. Bb3 Qb2+ 0-1

[Event "29. Erfurter Schachfestival 2019 - Meis"]
[Site "Erfurt"]
[Date "2019.12.27"]
[Round "2.43"]
[White "Gründer, Michael (R2)"]
[Black "Reitz, Philipp"]
[Result "0-1"]
[WhiteElo "1902"]
[BlackElo "2068"]
[PlyCount "78"]
[EventDate "2019.12.26"]

1. Nf3 Nf6 2. c4 g6 3. b4 Bg7 4. Bb2 O-O 5. e3 d6 6. d4 c6 7. Be2 Nbd7 8. O-O
Qc7 9. Qb3 e5 10. Nc3 Re8 11. a4 a5 12. b5 e4 13. Nd2 Nf8 14. Rac1 h5 15. Nd1
h4 16. f3 h3 17. Nxe4 Nxe4 18. fxe4 hxg2 19. Kxg2 Rxe4 20. Nf2 Rh4 21. e4 Ne6
22. Qg3 Nf4+ 23. Kh1 Qe7 24. Rce1 c5 25. Bg4 Qg5 26. Bc1 Bxg4 27. Bxf4 Bf3+ 28.
Qxf3 Rxf4 29. Qg3 Qxg3 30. hxg3 Rf3 31. Kg2 Ra3 32. e5 dxe5 33. dxc5 Rxa4 34.
Rc1 Ra2 35. Ra1 Rxa1 36. Rxa1 e4 37. Ra2 f5 38. Nh3 Bh6 39. Kf2 Kf7 0-1

[Event "29. Erfurter Schachfestival 2019 - Meis"]
[Site "Erfurt"]
[Date "2019.12.27"]
[Round "2.44"]
[White "Minor, Viatcheslav"]
[Black "Niedzielski, Lars"]
[Result "0-1"]
[WhiteElo "2062"]
[BlackElo "1939"]
[Annotator "Ruether,Rudolf"]
[PlyCount "92"]
[EventDate "2019.12.26"]

1. e4 e6 2. d3 d5 3. Nd2 c5 4. Ngf3 Nc6 5. g3 Nf6 6. Bg2 Be7 7. O-O O-O 8. e5
Nd7 9. Re1 Qc7 10. Qe2 b5 11. Nf1 a5 12. h4 a4 13. Bf4 a3 14. b3 Bb7 15. h5
Rfc8 16. Ne3 Qd8 17. Ng4 Nd4 18. Qd1 Nxf3+ 19. Bxf3 c4 20. d4 cxb3 21. cxb3 Rc6
22. Qd3 Ba6 23. Rec1 b4 24. Qd2 Rac8 25. Rxc6 Rxc6 26. Rc1 Qc8 27. Rxc6 Qxc6
28. Be2 Bxe2 29. Qxe2 Nb8 30. h6 g6 31. Be3 Qa6 32. Qf3 Nd7 33. Qd1 Qc6 {(=)}
34. Qd2 Bf8 35. Bg5 Qc7 36. Kf1 Qc6 37. Qd3 Nb8 38. Nf6+ Kh8 39. Qf3 Qb7 40.
Ne8 Qb5+ 41. Kg2 Qxe8 42. Qf6+ Kg8 43. Bd2 Nc6 44. Qf4 Qb8 45. Qh4 Qb6 46. Be3
Qb5 0-1

[Event "29. Erfurter Schachfestival 2019 - Meis"]
[Site "Erfurt"]
[Date "2019.12.27"]
[Round "2.45"]
[White "Schulte, Jürgen (R2)"]
[Black "Schulze, Mario"]
[Result "1-0"]
[WhiteElo "2062"]
[BlackElo "1911"]
[PlyCount "93"]
[EventDate "2019.12.26"]

1. d4 Nf6 2. c4 c5 3. d5 b5 4. Qc2 g6 5. e4 d6 6. Nf3 Bg7 7. cxb5 a6 8. Nc3 O-O
9. Bd3 axb5 10. Bxb5 Qa5 11. Nd2 Ba6 12. Nc4 Qc7 13. O-O Bxb5 14. Nxb5 Qb7 15.
a4 Na6 16. Ra3 Nb4 17. Qe2 Nd7 18. Bg5 Rfe8 19. Qd2 Nb6 20. Nxb6 Qxb6 21. Bh6
Bh8 22. Qf4 Be5 23. Qh4 Bf6 24. Bg5 Bxg5 25. Qxg5 Kg7 26. Rh3 Rh8 27. Qxe7 Qd8
28. Qxd6 Qxd6 29. Nxd6 Rxa4 30. Rc3 Na6 31. f3 Rb8 32. Nc4 Rbb4 33. b3 Ra2 34.
Rd1 Nb8 35. Ne5 Rd4 36. Rxd4 cxd4 37. Rd3 f6 38. Nc4 Nd7 39. Rxd4 Ra1+ 40. Kf2
Rb1 41. Na5 Nc5 42. b4 Rxb4 43. Rxb4 Nd3+ 44. Ke3 Nxb4 45. Nc6 Na6 46. Kd4 Kf7
47. f4 1-0

[Event "29. Erfurter Schachfestival 2019 - Meis"]
[Site "Erfurt"]
[Date "2019.12.27"]
[Round "2.46"]
[White "Pellicoro, Nathalie"]
[Black "Wolf, Andreas (R2)"]
[Result "0-1"]
[WhiteElo "1860"]
[BlackElo "2056"]
[PlyCount "80"]
[EventDate "2019.12.26"]

1. e4 c5 2. Nc3 Nc6 3. g3 g6 4. Bg2 Bg7 5. d3 e6 6. Be3 Nd4 7. Nge2 Ne7 8. Qd2
d5 9. exd5 Nxd5 10. Nxd5 exd5 11. Nf4 Bg4 12. Bxd4 cxd4 13. Nxd5 O-O 14. O-O
Rc8 15. Rfe1 Be6 16. Nf4 Bh6 17. Qd1 Bxf4 18. gxf4 Qf6 19. Qd2 Rc5 20. Re5 Rxe5
21. fxe5 Qxe5 22. c4 dxc3 23. bxc3 Rc8 24. d4 Qa5 25. d5 Bd7 26. Rc1 Rc4 27.
Bf1 Ra4 28. Rc2 Rg4+ 29. Kh1 Bf5 30. f3 Bxc2 31. fxg4 Qxa2 32. Qd4 Qb1 33. Kg1
Qd1 34. Qxd1 Bxd1 35. h3 Bb3 36. d6 Kf8 37. Bb5 a5 38. c4 a4 39. Bxa4 Bxa4 40.
Kf2 Ke8 0-1

[Event "29. Erfurter Schachfestival 2019 - Meis"]
[Site "Erfurt"]
[Date "2019.12.27"]
[Round "2.47"]
[White "Matthäi, Jakob"]
[Black "Barthel, Ansgar"]
[Result "0-1"]
[WhiteElo "1838"]
[BlackElo "2052"]
[Annotator "Ruether,Rudolf"]
[PlyCount "84"]
[EventDate "2019.12.26"]

1. e4 Nf6 2. e5 Nd5 3. d4 d6 4. Nf3 Bg4 5. Be2 c6 6. O-O Bxf3 7. Bxf3 dxe5 8.
dxe5 e6 9. Qe2 Qc7 10. c4 Ne7 11. Bg4 Nd7 12. f4 O-O-O 13. Be3 Nf5 14. Bxf5
exf5 15. Qc2 g6 16. Nc3 Bc5 17. Bxc5 {(=)} Nxc5 18. Rad1 Qb6 19. Kh1 Ne6 20. g3
h5 21. Qf2 Rxd1 22. Nxd1 Rd8 23. Nc3 Qxf2 24. Rxf2 Rd4 25. b3 Rd3 26. Na4 h4
27. Kg2 hxg3 28. hxg3 Kc7 29. Rf3 Rd1 30. Nc3 Rc1 31. Rd3 Nc5 32. Re3 a5 33.
Kf3 Ne6 34. Rd3 Rc2 35. Ne2 Rxa2 36. Rd1 Ra3 37. Rh1 Rxb3+ 38. Kf2 a4 39. Rh7
a3 40. Rh1 Nc5 41. Ra1 Ne4+ 42. Ke1 a2 0-1

[Event "29. Erfurter Schachfestival 2019 - Meis"]
[Site "Erfurt"]
[Date "2019.12.27"]
[Round "2.48"]
[White "Pedersen, Lars Wilton"]
[Black "Schmid, Anton (R2)"]
[Result "1/2-1/2"]
[WhiteElo "2047"]
[BlackElo "1783"]
[Annotator "Ruether,Rudolf"]
[PlyCount "94"]
[EventDate "2019.12.26"]

1. Nf3 d5 2. d4 c5 3. c3 Nc6 4. Bf4 cxd4 5. cxd4 Qb6 6. Qd2 Nf6 7. Nc3 Ne4 8.
Qc1 Bf5 9. e3 {(=)} Rc8 10. Be2 Nxc3 11. bxc3 Nb4 12. O-O Nd3 13. Qd2 Nxf4 14.
exf4 e6 15. a4 a6 16. Nh4 Be4 17. f3 Bg6 18. Nxg6 hxg6 19. Rfb1 Qc7 20. Rb3 Bd6
21. g3 g5 22. Rab1 gxf4 23. Rxb7 Qxc3 24. Qxc3 Rxc3 25. Rb8+ Bxb8 26. Rxb8+ Ke7
27. Rxh8 fxg3 28. Bxa6 Rxf3 29. Kg2 Rf4 30. hxg3 Rxd4 31. Bb5 Rb4 32. Rh4 Rb3
33. Be2 Ra3 34. Rb4 e5 35. Kf2 f5 36. Bd1 Kf6 37. Rb3 Ra2+ 38. Ke1 e4 39. Rb5
d4 40. Bb3 Ra1+ 41. Kd2 Kg5 42. Kc2 Rh1 43. a5 Rh2+ 44. Kc1 Rh1+ 45. Kc2 Rh2+
46. Kc1 Rh1+ 47. Kc2 Rh2+ 1/2-1/2

[Event "29. Erfurter Schachfestival 2019 - Meis"]
[Site "Erfurt"]
[Date "2019.12.27"]
[Round "2.49"]
[White "Everett, Elijah"]
[Black "Kurze, Christoph"]
[Result "1-0"]
[WhiteElo "2230"]
[BlackElo "2016"]
[PlyCount "109"]
[EventDate "2019.12.26"]

1. e4 e6 2. d4 d5 3. Nc3 Bb4 4. e5 Ne7 5. a3 Bxc3+ 6. bxc3 c5 7. Qg4 Qc7 8.
Qxg7 Rg8 9. Qxh7 cxd4 10. Ne2 Nbc6 11. f4 Bd7 12. Qd3 dxc3 13. Qxc3 Rc8 14. Rb1
Nf5 15. Rg1 b6 16. g4 Nh4 17. Qd3 Ne7 18. Nd4 Ba4 19. Rb2 Nef5 20. Ne2 Qc5 21.
c3 Ne7 22. Rg3 Nhg6 23. Qa6 b5 24. Nd4 Kf8 25. Nxb5 Bxb5 26. Rxb5 Qc7 27. Rb7
Qc6 28. Rxa7 Rh8 29. h3 Qc5 30. Qa5 d4 31. Qxc5 Rxc5 32. Ra8+ Kg7 33. Rxh8 Kxh8
34. Kd2 Nxf4 35. cxd4 Ra5 36. Rf3 Ned5 37. Kc2 Ng6 38. Rxf7 Ra4 39. Bd3 Nge7
40. Bg5 Nc6 41. Bf6+ Nxf6 42. exf6 Nxd4+ 43. Kb2 Kg8 44. Rg7+ Kf8 45. g5 Nf3
46. g6 Rf4 47. Rf7+ Kg8 48. a4 Ng5 49. Rb7 Rxf6 50. h4 Nf3 51. h5 Ne5 52. Bc2
Ng4 53. a5 e5 54. Bb3+ Kh8 55. Rh7# 1-0

[Event "29. Erfurter Schachfestival 2019 - Meis"]
[Site "Erfurt"]
[Date "2019.12.27"]
[Round "2.50"]
[White "Behrens, Harald"]
[Black "Smit, Frans"]
[Result "1/2-1/2"]
[WhiteElo "2222"]
[BlackElo "2009"]
[PlyCount "86"]
[EventDate "2019.12.26"]

1. d4 e6 2. Nf3 Nf6 3. Bf4 d5 4. e3 Be7 5. Bd3 Nbd7 6. g4 c5 7. c3 b6 8. Nbd2
Bb7 9. Ne5 Nxe5 10. Bxe5 Bd6 11. Bb5+ Kf8 12. f4 Ne4 13. Nxe4 dxe4 14. O-O Bxe5
15. fxe5 cxd4 16. cxd4 Qg5 17. Rf4 Kg8 18. Rc1 Rf8 19. Qe1 h5 20. h4 Qe7 21. g5
Kh7 22. Rf2 Rc8 23. Rfc2 Rxc2 24. Rxc2 Rc8 25. Rxc8 Bxc8 26. Bc6 Bb7 27. Qc3 g6
28. a3 Qc7 29. Ba4 Qd8 30. Kf2 Kg7 31. Kg3 Qd5 32. Qc7 Qa5 33. Qc2 b5 34. Bb3
Bd5 35. Bxd5 exd5 36. Qf2 Qb6 37. Qf6+ Kg8 38. Kf2 Qe6 39. Qd8+ Kg7 40. Ke1 Qh3
41. Qf6+ Kg8 42. Qd8+ Kg7 43. Qf6+ Kg8 1/2-1/2

[Event "29. Erfurter Schachfestival 2019 - Meis"]
[Site "Erfurt"]
[Date "2019.12.27"]
[Round "2.51"]
[White "Höhn, Michael"]
[Black "Halas, Julia"]
[Result "1/2-1/2"]
[WhiteElo "2018"]
[BlackElo "2087"]
[PlyCount "59"]
[EventDate "2019.12.26"]

1. Nf3 Nf6 2. d4 g6 3. c4 Bg7 4. Nc3 O-O 5. g3 d6 6. Bg2 c5 7. O-O Nc6 8. dxc5
dxc5 9. Be3 Qa5 10. Qa4 Qxa4 11. Nxa4 b6 12. Ne1 Bd7 13. Nd3 Rac8 14. Nc3 Ng4
15. Bd2 Nge5 16. Nxe5 Bxe5 17. Rad1 Rfd8 18. h3 Bf5 19. Bxc6 Rxc6 20. Nd5 Re8
21. Bh6 Rcc8 22. g4 Be4 23. b3 e6 24. Ne3 Red8 25. g5 f5 26. gxf6 Bxf6 27. Ng4
Be7 28. Ne5 Bc2 29. Rc1 Bf5 30. Kh2 1/2-1/2

[Event "29. Erfurter Schachfestival 2019 - Meis"]
[Site "Erfurt"]
[Date "2019.12.27"]
[Round "2.52"]
[White "Held, Carsten"]
[Black "Schlick, Stefan"]
[Result "1/2-1/2"]
[WhiteElo "2082"]
[BlackElo "1997"]
[PlyCount "56"]
[EventDate "2019.12.26"]

1. Nf3 Nf6 2. c4 e6 3. g3 b6 4. Bg2 Bb7 5. O-O Be7 6. b3 O-O 7. Bb2 d5 8. d3 c5
9. cxd5 Nxd5 10. d4 Nc6 11. Nbd2 cxd4 12. Nxd4 Nxd4 13. Bxd4 Bf6 14. Ne4 Bxd4
15. Qxd4 Qe7 16. Rfc1 Rfd8 17. Qb2 Rac8 18. h4 h6 19. Nd2 Nb4 20. Nf3 Qd6 21.
a3 Nc6 22. Rc2 Ne7 23. Rd2 Qc6 24. Rxd8+ Rxd8 25. Rc1 Qd6 26. b4 Rc8 27. Rxc8+
Nxc8 28. Qc2 Qc6 1/2-1/2

[Event "29. Erfurter Schachfestival 2019 - Meis"]
[Site "Erfurt"]
[Date "2019.12.27"]
[Round "2.53"]
[White "Lochte, Thomas"]
[Black "Rettore, Ludwig"]
[Result "1-0"]
[WhiteElo "2014"]
[BlackElo "2081"]
[PlyCount "29"]
[EventDate "2019.12.26"]

1. e4 e5 2. Nf3 Nc6 3. Bb5 Nf6 4. d4 Nxd4 5. Nxd4 exd4 6. e5 Nd5 7. Qxd4 c6 8.
O-O Nb4 9. Ba4 Na6 10. Bb3 Bc5 11. Qg4 g6 12. Qf3 Qe7 13. Nc3 Nc7 14. Ne4 Ne6
15. Bxe6 1-0

[Event "29. Erfurter Schachfestival 2019 - Meis"]
[Site "Erfurt"]
[Date "2019.12.27"]
[Round "2.54"]
[White "Hornung, Hans"]
[Black "Schmidt, Kai-Uwe"]
[Result "1/2-1/2"]
[WhiteElo "2080"]
[BlackElo "1982"]
[PlyCount "42"]
[EventDate "2019.12.26"]

1. c4 c5 2. Nc3 Nc6 3. Nf3 e5 4. g3 g6 5. Bg2 Bg7 6. O-O Nge7 7. Ne1 Rb8 8. Nc2
O-O 9. Rb1 a6 10. b4 cxb4 11. Nxb4 b5 12. cxb5 axb5 13. Nxc6 dxc6 14. Ba3 Bf5
15. d3 Re8 16. Ne4 Nd5 17. Qd2 Bxe4 18. Bxe4 f5 19. Bg2 e4 20. Bb2 e3 21. fxe3
Nxe3 1/2-1/2

[Event "29. Erfurter Schachfestival 2019 - Meis"]
[Site "Erfurt"]
[Date "2019.12.27"]
[Round "2.55"]
[White "Grund, Sebastian"]
[Black "Heinke, Jasper"]
[Result "0-1"]
[WhiteElo "2000"]
[BlackElo "2066"]
[PlyCount "72"]
[EventDate "2019.12.26"]

1. d4 Nf6 2. Nf3 d5 3. c4 e6 4. g3 Be7 5. Bg2 O-O 6. O-O dxc4 7. Qc2 a6 8. a4
Nc6 9. Qxc4 Nb4 10. Bd2 Nbd5 11. Nc3 Bd7 12. Ne5 Be8 13. Rfc1 Rc8 14. Nxd5 exd5
15. Qc2 Bd6 16. Qb3 Rb8 17. Bxd5 Bxe5 18. dxe5 Qxd5 19. Qxd5 Nxd5 20. e4 Nb6
21. Bb4 Bc6 22. Bxf8 Kxf8 23. b3 Bxe4 24. f4 Bc6 25. Rd1 Ke7 26. a5 Nd5 27. Rd4
h5 28. Rc1 h4 29. Kf2 hxg3+ 30. Kxg3 Ne3 31. Rd3 Nf5+ 32. Kg4 g6 33. Rcc3 Rh8
34. Rh3 Rd8 35. Rhd3 Nd4 36. h4 Bd7+ 0-1

[Event "29. Erfurter Schachfestival 2019 - Meis"]
[Site "Erfurt"]
[Date "2019.12.27"]
[Round "2.56"]
[White "Huth, Kevin"]
[Black "Fichtner, Ewald"]
[Result "1/2-1/2"]
[WhiteElo "1975"]
[BlackElo "2055"]
[PlyCount "83"]
[EventDate "2019.12.26"]

1. e4 c6 2. d4 d5 3. e5 Bf5 4. Ne2 e6 5. Ng3 Bg6 6. h4 h5 7. Bd3 Bxd3 8. Qxd3
Be7 9. Ne2 Bxh4 10. Nf4 Qe7 11. c3 g6 12. g3 Bg5 13. Nxg6 fxg6 14. Qxg6+ Qf7
15. Qxg5 Ne7 16. Be3 Nd7 17. Nd2 O-O-O 18. O-O-O Rdg8 19. Qf4 Qg6 20. Qf3 Nf5
21. Qe2 Kb8 22. Nf3 Qg4 23. Kd2 c5 24. dxc5 Qa4 25. Nd4 Nxe3 26. Qxe3 Nxc5 27.
a3 Rg4 28. Kc1 Qc4 29. Rh4 a6 30. Kb1 Qa4 31. Rdh1 Rxh4 32. gxh4 Rg8 33. Qf3
Qe8 34. Qd1 Ne4 35. Rg1 Rxg1 36. Qxg1 Qf7 37. f3 Nd2+ 38. Ka2 Nc4 39. Qg5 Ka7
40. Qh6 Nxe5 41. Qxe6 Qxe6 42. Nxe6 1/2-1/2

[Event "29. Erfurter Schachfestival 2019 - Meis"]
[Site "Erfurt"]
[Date "2019.12.27"]
[Round "2.57"]
[White "Schellmann, Frank"]
[Black "Bonnelykke, Ole"]
[Result "1/2-1/2"]
[WhiteElo "1992"]
[BlackElo "2059"]
[PlyCount "143"]
[EventDate "2019.12.26"]

1. e4 c5 2. Nf3 e6 3. c3 Nf6 4. e5 Nd5 5. Bc4 d6 6. d4 Nc6 7. O-O Nb6 8. Bd3 d5
9. Bf4 Bd7 10. a3 Rc8 11. Nbd2 cxd4 12. cxd4 Be7 13. Qe2 O-O 14. Qe3 a5 15. Ng5
Bxg5 16. Bxg5 f6 17. Qh3 h6 18. exf6 Rxf6 19. Bxf6 Qxf6 20. Qe3 Nxd4 21. Rac1
Rf8 22. Rc7 Bc6 23. b4 axb4 24. axb4 Na8 25. Rxc6 bxc6 26. Rb1 Nc7 27. Nf1 e5
28. Ng3 e4 29. Bf1 Nce6 30. b5 cxb5 31. Ne2 Nxe2+ 32. Bxe2 Ra8 33. Bxb5 Rb8 34.
Qe1 Nf4 35. Bf1 Rxb1 36. Qxb1 Qe5 37. g3 Ne6 38. Qb5 Nd4 39. Qd7 e3 40. fxe3
Qxe3+ 41. Kg2 Qe4+ 42. Kg1 Nf3+ 43. Kf2 d4 44. Qc8+ Kh7 45. Bc4 Ng5 46. Bg8+
Kg6 47. Qa6+ Kh5 48. Qe2+ Qg4 49. Qe8+ g6 50. Qe2 Ne4+ 51. Ke1 Qxe2+ 52. Kxe2
Nc5 53. Kf3 Kg5 54. h4+ Kf6 55. g4 Ke5 56. Bh7 g5 57. hxg5 hxg5 58. Bg8 Nd3 59.
Bc4 Nf4 60. Bb3 Nd5 61. Bc4 Nb4 62. Bf7 Nd3 63. Bc4 Nb2 64. Bb3 Kd6 65. Ke4 d3
66. Ke3 Kc5 67. Bf7 Kb4 68. Bg6 Nc4+ 69. Kxd3 Ne5+ 70. Ke4 Nxg6 71. Kf5 Nh8 72.
Kxg5 1/2-1/2

[Event "29. Erfurter Schachfestival 2019 - Meis"]
[Site "Erfurt"]
[Date "2019.12.27"]
[Round "2.59"]
[White "Sauer, Marko"]
[Black "Brendel, Bergit"]
[Result "1-0"]
[WhiteElo "2053"]
[BlackElo "1970"]
[PlyCount "51"]
[EventDate "2019.12.26"]

1. e4 Nf6 2. e5 Nd5 3. c4 Nb6 4. c5 Nd5 5. Nc3 Nxc3 6. dxc3 Nc6 7. Nf3 d6 8.
Bb5 Bd7 9. exd6 cxd6 10. Be3 dxc5 11. Bxc5 Qa5 12. a4 O-O-O 13. Qe2 e5 14. Bxf8
Rhxf8 15. O-O Rde8 16. Nd2 a6 17. Ne4 Qc7 18. Bc4 Be6 19. Rfd1 Bxc4 20. Qxc4
Kb8 21. b4 Rd8 22. b5 Na5 23. Qb4 Rxd1+ 24. Rxd1 Rc8 25. bxa6 b6 26. Rb1 1-0

[Event "29. Erfurter Schachfestival 2019 - Meis"]
[Site "Erfurt"]
[Date "2019.12.27"]
[Round "2.60"]
[White "King, Alexander"]
[Black "Reitz, Theresa"]
[Result "1-0"]
[WhiteElo "2052"]
[BlackElo "1961"]
[PlyCount "105"]
[EventDate "2019.12.26"]

1. Nf3 c5 2. c4 Nc6 3. d4 cxd4 4. Nxd4 e5 5. Nc2 Nf6 6. Nc3 Bc5 7. Be3 d6 8.
Bxc5 dxc5 9. Qxd8+ Nxd8 10. g3 Be6 11. Ne3 Nc6 12. Bg2 Rc8 13. O-O-O O-O 14.
Rd2 Rfd8 15. Rhd1 Rxd2 16. Rxd2 h6 17. Nb5 Ne8 18. Bxc6 Rxc6 19. Rd8 Kf8 20.
Nd5 f6 21. Rb8 a6 22. Nbc7 Bxd5 23. Nxd5 b5 24. cxb5 axb5 25. Rxb5 Nd6 26. Ra5
c4 27. f3 Nf5 28. e3 Kf7 29. Kd2 Ke6 30. Ke2 Rd6 31. Nb4 Rb6 32. a3 Nd6 33. Ra7
c3 34. bxc3 Nb5 35. Ra6 Rxa6 36. Nxa6 Nxa3 37. Kd3 Kd6 38. Nb4 Nb5 39. e4 Nc7
40. Nc2 Ne6 41. Ne3 Kc5 42. h4 Kc6 43. Kc4 Nc5 44. Nd5 Ne6 45. Kb4 Nc5 46. Ne7+
Kb6 47. Kc4 Ne6 48. Kd5 Nc7+ 49. Kd6 Nb5+ 50. Ke6 Nxc3 51. Nd5+ Nxd5 52. exd5
Kc7 53. Ke7 1-0

[Event "29. Erfurter Schachfestival 2019 - Meis"]
[Site "Erfurt"]
[Date "2019.12.27"]
[Round "2.61"]
[White "Schönfeld, Volker"]
[Black "Chassard, Cedric"]
[Result "1/2-1/2"]
[WhiteElo "1968"]
[BlackElo "2049"]
[Annotator "Ruether,Rudolf"]
[PlyCount "92"]
[EventDate "2019.12.26"]

1. e4 e5 2. Nc3 Nf6 3. f4 d5 4. fxe5 Nxe4 5. Qf3 Nxc3 6. bxc3 Qh4+ 7. g3 Qe4+
8. Qxe4 dxe4 9. Bg2 Nd7 10. e6 Nc5 11. exf7+ Kxf7 12. Ne2 Bd6 13. O-O+ Ke7 14.
Nd4 Be6 15. Nxe6 Kxe6 16. Bh3+ Ke7 17. d3 Ne6 18. Re1 Kf6 {(=)} 19. Bxe6 Kxe6
20. Rxe4+ Kd7 21. Bf4 Rhf8 22. Rd4 Rae8 23. Bxd6 cxd6 24. Rf1 Rxf1+ 25. Kxf1
Re5 26. Rg4 g6 27. Rh4 Ra5 28. Rxh7+ Kc6 29. Ke2 Rxa2 30. Kd2 Ra1 31. c4 a5 32.
Kc3 Rb1 33. Rh8 b6 34. Rh7 b5 35. cxb5+ Rxb5 36. Rh4 d5 37. Rg4 Rc5+ 38. Kb3
Rb5+ 39. Ka3 Rc5 40. c4 dxc4 41. dxc4 g5 42. Rd4 Rf5 43. Ka4 Rf2 44. Rg4 Rxh2 {
(=)} 45. Rxg5 Ra2+ 46. Kb3 Rg2 1/2-1/2